Statistics for Afrika på kartan

Click here to take the quiz!

General Stats

  • This quiz has been taken 92 times
  • The average score is 38 of 54

Answers on the Map

Answers color-coded by a green-red scale on the quiz's map according to % correct below.
 

Answer Stats

Maa% Correct
Algeriet
94%
Egypten
94%
Libyen
90%
Madagaskar
90%
Somalia
90%
Sudan
90%
Sydafrika
90%
Etiopien
88%
Niger
88%
Marocko
86%
Nigeria
86%
Sydsudan
86%
Tunisien
86%
Kenya
84%
Mali
84%
Angola
80%
Kongo-Brazzaville
80%
Kongo-Kinshasa
80%
Tanzania
80%
Eritrea
78%
Ghana
76%
Togo
76%
Tchad
75%
Uganda
75%
Zimbabwe
75%
Elfenbenskusten
73%
Gambia
73%
Senegal
73%
Zambia
73%
Namibia
71%
Benin
69%
Burkina Faso
69%
Rwanda
69%
Botswana
67%
Kap Verde
67%
Guinea
65%
Malawi
65%
Djibouti
63%
Gabon
63%
Kamerun
63%
Moçambique
63%
Sierra Leone
63%
Lesotho
61%
Liberia
61%
Centralafrikanska
republiken
59%
Burundi
57%
Seychellerna
55%
Mauritius
49%
Guinea-Bissau
45%
Ekvatorialguinea
43%
Mauretanien
43%
Komorerna
39%
São Tomé och
Príncipe
37%
Swazimaa
2%

Score Distribution

Percentile by Number Answered

Percent of People with Each Score

Your Score History

You have not taken this quiz